000 00791nam a22002175i 4500
001 157597
003 ES-MaACL
005 20250729063231.0
008 040901s1855 fr |||| | fre d
040 _aCAM
_bspa
_cCAM
080 _a21
100 1 _aLessing, Gotthold Ephraim,
_d1729-1781
_971851
245 1 0 _aDe l'éducation du genre humain /
_cpar Gotthold-Éphraïm Lessing ; traduite en français par J. Tissot.
260 _aParis :
_bLibraire Philosophie de Ladrange,
_c1855?.] (
_fImprimerie de L. Martinet)
300 _a36 p. ;
_c19 cm.
596 _aPrelim. fechados en 1855.
650 4 _aReligión-
_xFilosofía
_916799
700 1 _aTissot, J.
_9133274
852 _aES-MaACL
_jD-4706(1)
_z-- Enc. hol.
_z-- Enc. en un vol. facticio
999 _c157597
_d157597